| 000 | 00605nam a2200181Ia 4500 | ||
|---|---|---|---|
| 008 | 240729s9999 xx 000 0 und d | ||
| 022 | _a2518-850X | ||
| 245 | 0 | _aJournal of Mountain Area Research | |
| 260 | _aPakistan | ||
| 260 | _bKarakoram International University Gilgit, Pakistan | ||
| 650 | _a Environmental sciences | ||
| 650 | _a Environmental technology. Sanitary engineering | ||
| 650 | _a Special types of environment | Geography. Anthropology. Recreation | ||
| 650 | _aTechnology | ||
| 856 | _uhttps://doaj.org/toc/380256c8a14d4300b51b8ca44ba54e24 | ||
| 942 | _2ddc | ||
| 942 | _cDOAJEJ | ||
| 999 |
_c70505 _d70505 |
||
| 945 |
_a1 _bMadushi Gamage _c1 _dMadushi Gamage |
||